000 02090nam a2200361 4500
001 OTLid0000260
003 MnU
005 20201105133311.0
006 m o d s
008 180907s2010 mnu o 0 0 eng d
040 _aMnU
_beng
_cMnU
050 4 _aQA1
050 4 _aQA37.3
100 1 _aEllis, Wade
_eauthor
245 0 0 _aElementary Algebra
_cWade Ellis
264 2 _bOpen Textbook Library
264 1 _bOpenStax CNX
300 _a1 online resource
490 0 _aOpen textbook library.
505 0 _a1 Arithmetic Review -- 2 Basic Properties of Real Numbers -- 3 Basic Operations with Real Numbers -- 4 Algebraic Expressions and Equations -- 5 Solving Linear Equations and Inequalities -- 6 Factoring Polynomials -- 7 Graphing Linear Equations and Inequalities in One and Two Variables -- 8 Rational Expressions -- 9 Roots, Radicals, and Square Root Equations -- 10 Quadratic Equations -- 11 Systems of Linear Equations -- 12 Appendix
520 0 _aElementary Algebra is a work text that covers the traditional topics studied in a modern elementary algebra course. Use of this book will help the student develop the insight and intuition necessary to master algebraic techniques and manipulative skills.Elementary Algebra is a work text that covers the traditional topics studied in a modern elementary algebra course. It is intended for students who (1) have no exposure to elementary algebra, (2) have previously had an unpleasant experience with elementary algebra, or (3) need to review algebraic concepts and techniques.
542 1 _fAttribution
546 _aIn English.
588 0 _aDescription based on print resource
650 0 _aMathematics
_vTextbooks
700 1 _aBurzynski, Denny
_eauthor
710 2 _aOpen Textbook Library
_edistributor
856 4 0 _uhttps://open.umn.edu/opentextbooks/textbooks/260
_zAccess online version
999 _c19661
_d19661